Rightly dividing the word. (Record no. 3331)

000 -LEADER
fixed length control field 00553nam a2200181 a 4500
001 - CONTROL NUMBER
control field :::00001061$&:&@@
003 - CONTROL NUMBER IDENTIFIER
control field OkBaRHE
005 - DATE AND TIME OF LATEST TRANSACTION
control field 20000607103241.0
008 - FIXED-LENGTH DATA ELEMENTS--GENERAL INFORMATION
fixed length control field s1973 j 000 0 eng u
040 ## - CATALOGING SOURCE
Transcribing agency
100 1# - MAIN ENTRY--PERSONAL NAME
Personal name McCarty, Doran.
245 10 - TITLE STATEMENT
Title Rightly dividing the word.
260 ## - PUBLICATION, DISTRIBUTION, ETC. (IMPRINT)
Place of publication, distribution, etc Nashville, TN., :
Name of publisher, distributor, etc Broadman Press
Date of publication, distribution, etc c1973
300 ## - PHYSICAL DESCRIPTION
Extent 126 p. ;
Dimensions 20 cm.
650 ## - SUBJECT ADDED ENTRY--TOPICAL TERM
Topical term or geographic name as entry element Bible
General subdivision Criticism, Interpretation, etc.
942 ## - ADDED ENTRY ELEMENTS (KOHA)
Source of classification or shelving scheme
Koha item type Books
Copies
Source of classification or shelving scheme Withdrawn status Koha item type Full call number Copy number Shelving location Permanent Location Date acquired Not for loan Barcode Date last seen Price effective from Lost status Damaged status
  BooksBS 511.2 .M231General StacksRHEMA Bible Training College2010-04-14 10612010-04-142010-04-14